Central Library OPAC University of Rajshahi

Groups and fields : (Record no. 7753)

MARC details
000 -LEADER
fixed length control field 00779nam a22002531 4500
001 - CONTROL NUMBER
control field 7753
003 - CONTROL NUMBER IDENTIFIER
rucl marc code BD-RjUL
005 - DATE AND TIME OF LATEST TRANSACTION
control field 20211208234452.0
008 - FIXED-LENGTH DATA ELEMENTS--GENERAL INFORMATION
fixed length control field 140115s1963 nyua p 001 0 eng d
035 ## - SYSTEM CONTROL NUMBER
System control number (BD-RjUL)7797
040 ## - CATALOGING SOURCE
Original cataloging agency DLC
Transcribing agency DLC
Modifying agency BD-RjUL
Language of cataloging eng
041 ## - LANGUAGE CODE
Language code of text/sound track or separate title eng
082 00 - DEWEY DECIMAL CLASSIFICATION NUMBER
Classification number 512.807
Author mark and year EAG 1963
100 1# - MAIN ENTRY--PERSONAL NAME
Personal name Earl, Boyd.
9 (RLIN) 24169
245 10 - TITLE STATEMENT
Title Groups and fields :
Remainder of title a programmed unit in modern mathematics
Statement of responsibility, etc. by Boyd Earl, J. William Moore [and] Wendell I. Smith.
260 ## - PUBLICATION, DISTRIBUTION, ETC. (IMPRINT)
Place of publication, distribution, etc. New York :
Name of publisher, distributor, etc. McGraw-Hill,
Date of publication, distribution, etc. 1963.
300 ## - PHYSICAL DESCRIPTION
Pagination xii, 322 p.
Illustrations illus.
Size 23 cm.
504 ## - BIBLIOGRAPHY, ETC. NOTE
Bibliography, etc Includes index.
650 #0 - SUBJECT ADDED ENTRY--TOPICAL TERM
Topical term or geographic name as entry element Algebra
General subdivision Programmed instruction.
9 (RLIN) 24170
Topical term or geographic name as entry element Algebra
General subdivision Problems, exercises, etc.
9 (RLIN) 21610
942 ## - ADDED ENTRY ELEMENTS (KOHA)
Source of classification or shelving scheme Dewey Decimal Classification
Koha item type Books
Holdings
Lost status Source of classification or shelving scheme Damaged status Not for loan Collection code Permanent Location Current Location Shelving location Date acquired Source of acquisition Cost, normal purchase price Total Checkouts Full call number Date last seen Copy number Koha item type
  Dewey Decimal Classification   Not For Loan Non-fiction Central Library, University of Rajshahi Central Library, University of Rajshahi   18/06/1965 Zeithlinger. 46.00   512.807 EAG 1963 15/01/2014 C-1 Books